Pode o empregador ter acesso ̉informaȯ̂ genťica do trabalhador?

Bibliographic Details
Main Author: Leles Viana, Roberto Camilo
Format: eBook
Language:Portuguese
Published: San Pablo: LTR Editora, 2014
Subjects:
Online Access:Acceso restringido

MARC

LEADER 00000nam a22000007a 4500
005 20140522000517.0
007 cr|||| ||||
008 140522s2014 br |||||s|||| 00||0 por d
020 |a 978-85-361-2837-5 
035 |a 12127 
040 |a vLex 
090 |c 4931  |d 4931 
100 1 |a Leles Viana, Roberto Camilo 
245 1 0 |a Pode o empregador ter acesso ̉informaȯ̂ genťica do trabalhador?  |h [Recurso electrn̤ico] /  |c Roberto Camilo Leles Viana 
256 |a Servicio en ln̕ea 
260 |a San Pablo:  |b LTR Editora,  |c 2014 
300 |a 1 recurso electrn̤ico 
506 1 |a Disponible solo en los productos indicados  |d vLex Global  |d vLex Global (Academic Edition, excluding Law Schools)  |d vLex Global (U.S. Academic Edition, Law Schools)  |d vLex Global (U.S. Academic Edition, excluding Law Schools)  |d vLex Global (Academic Edition, Law Schools) 
650 0 4 |a Derecho Laboral y Seguridad Social  |z Brasil 
740 0 |a vLex Libros (Servicio en ln̕ea) 
856 4 0 |u http://vlex.com/source/pode-empregador-ter-acesso-informa-o-genetica-do-trabalhador-12127  |z Acceso restringido 
942 |c BOOK 
999 0 |a Labor Law and Social Security